| 000 | 01580cam a2200361 a 4500 | ||
|---|---|---|---|
| 001 | 000014350 | ||
| 003 | DO-SdBNP | ||
| 005 | 20250716134857.0 | ||
| 008 | 780824s1981 mx 000 0dspa d | ||
| 035 | _a09333436 | ||
| 035 | _a(CStRLIN)RIBG4164725-B | ||
| 040 |
_aDO-SdBNP _cIC _dRPB _dCStRLIN _dBNPHU |
||
| 049 | _aBNGR | ||
| 082 |
_a356.15 _bD288e, 1981 |
||
| 100 | 1 |
_aDebray, Régis. _d1940- _932390 |
|
| 245 | 1 | 0 |
_aEnsayos sobre América Latina / _cRégis Debray. |
| 250 | _a4a ed. | ||
| 260 |
_aMéxico : _bEra, _c1981. |
||
| 300 |
_a310 p. ; _c20 cm. |
||
| 490 | 1 | _aEl hombre y su tiempo | |
| 500 | _aTraducción en parte de Essais sur l'Amérique latine. | ||
| 504 | _aIncluye referencias bibliográficas y notas al pie de las páginas. | ||
| 505 | 0 | _aUna experiencia guerrillera.- El castrismo: la larga marcha de América Latina -- América Latina: algunos problemas de estrategia revolucionaria -- El papel de los intelectuales en los movimientos de liberación nacional -- Revolución en la revolución -- Carta a sus amigos -- Carta a sus jueces -- Exposición ante el Consejo de Guerra. | |
| 650 | 4 |
_aGuerrilleros _xAmérica latina _932391 |
|
| 650 | 4 |
_aMovimientos sociales _xAmérica _923226 |
|
| 650 | 4 |
_aProblemas sociales _xAmérica Latina _99290 |
|
| 650 | 4 |
_aComunismo _zAmerica Latina _ySiglo XX _932395 |
|
| 651 | 4 |
_aAmérica Latina _vEnsayos, conferencias, etc. _932394 |
|
| 651 | 4 |
_aAmérica Latina _xPolítica Y Gobierno _y1948-1980. _932396 |
|
| 830 | 3 |
_aEl hombre y su tiempo _95236 |
|
| 910 | _aCatalogación derivada | ||
| 942 |
_2ddc _cLBS1 |
||
| 999 |
_c13942 _d13942 |
||